000 00452nam a2200169Ia 4500
008 090711s9999 xx 000 0 und d
082 _b522
100 _aकर्वे र. धो.
245 _aगुरु बाजी
260 _c1937
300 _a73
600 _aकर्वे र. धो.
630 _aगुरु बाजी
700 _aकर्वे र. धो.
730 _aगुरु बाजी
942 _cBOOK
999 _c301054
_d301054